Prospects for economic development in southern Asia. (Record no. 90026)
[ view plain ]
| 000 -LEADER | |
|---|---|
| fixed length control field | 00728cam a22002291 4500 |
| 001 - CONTROL NUMBER | |
| control field | sd 50000127 |
| 003 - CONTROL NUMBER IDENTIFIER | |
| control field | DLC |
| 005 - DATE AND TIME OF LATEST TRANSACTION | |
| control field | 20260227112736.0 |
| 008 - FIXED-LENGTH DATA ELEMENTS--GENERAL INFORMATION | |
| fixed length control field | 940624s1950 nyu b 000 0 eng c |
| 010 ## - LIBRARY OF CONGRESS CONTROL NUMBER | |
| LC control number | sd 50000127 |
| 035 ## - SYSTEM CONTROL NUMBER | |
| System control number | (OCoLC)30657852 |
| 040 ## - CATALOGING SOURCE | |
| Original cataloging agency | U.S. Dept. of State. Library |
| Transcribing agency | IEN |
| Modifying agency | DLC |
| 042 ## - AUTHENTICATION CODE | |
| Authentication code | premarc |
| 050 00 - LIBRARY OF CONGRESS CALL NUMBER | |
| Classification number | D410 |
| Item number | .F65 vol. 26, no. 3 |
| 100 1# - MAIN ENTRY--PERSONAL NAME | |
| Personal name | Thorner, Daniel. |
| 245 00 - TITLE STATEMENT | |
| Title | Prospects for economic development in southern Asia. |
| 260 ## - PUBLICATION, DISTRIBUTION, ETC. | |
| Place of publication, distribution, etc. | New York, |
| Name of publisher, distributor, etc. | Foreign Policy Association, |
| Date of publication, distribution, etc. | 1950. |
| 300 ## - PHYSICAL DESCRIPTION | |
| Extent | [18]-28 p. |
| Dimensions | 27 cm. |
| 440 #0 - SERIES STATEMENT/ADDED ENTRY--TITLE | |
| Title | Foreign policy reports, |
| Volume/sequential designation | v. 26, no. 3 |
| 504 ## - BIBLIOGRAPHY, ETC. NOTE | |
| Bibliography, etc. note | "Economic literature of southern Asia": p. 27-28. |
| 651 #0 - SUBJECT ADDED ENTRY--GEOGRAPHIC NAME | |
| Geographic name | Asia |
| General subdivision | Economic conditions |
| Chronological subdivision | 1945- |
No items available.